| 000 | 00371nam a22001337u 4500 | ||
|---|---|---|---|
| 008 | 130405s1935 xxu||||| |||| 00| 0 spa d | ||
| 041 | _aspa | ||
| 100 | 1 |
_aBlanco Najera, Francisco _925013 |
|
| 245 | 0 | 0 |
_aCoeducación y educación sexual _cFrancisco Blanco Najera |
| 260 |
_aMadrid: _bEdiciones studium, _c1935 |
||
| 300 |
_a174 p. _c;19 cm. |
||
| 942 | _cBK | ||
| 001 | 85095 | ||
| 999 |
_c247776 _d247776 |
||